M25 offices begin long road to recovery (Record no. 73773)
[ view plain ]
| 000 -LEADER | |
|---|---|
| fixed length control field | 01103cam a2200205 4500 |
| 001 - CONTROL NUMBER | |
| control field | WB3943-04 |
| 008 - FIXED-LENGTH DATA ELEMENTS--GENERAL INFORMATION | |
| fixed length control field | 031112n2003 000 0 eng u |
| 035 ## - SYSTEM CONTROL NUMBER | |
| System control number | (Sirsi) u124292 |
| 245 ## - TITLE STATEMENT | |
| Title | M25 offices begin long road to recovery |
| 260 ## - PUBLICATION, DISTRIBUTION, ETC. | |
| Date of publication, distribution, etc. | 2003 |
| 490 ## - SERIES STATEMENT | |
| Series statement | Property Week |
| Volume/sequential designation | 68(44) 7 November 2003, 2(1) |
| 520 ## - SUMMARY, ETC. | |
| Summary, etc. | The Knight Frank quarterly review of office space around the M25 shows the first signs that the market is starting to recover. 833 435 sq ft (77 428 sq m) is under offer in 49 buildings. There are few completed deals, with take-up being 40% less than in the second quarter. With only three buildings under construction in the M25 area availability is stabilising. The vacancy rate has risen from 9.3% to 9.5%, with private and overseas investors remaining active. Also includes brief overview of M4 and M3 areas too. To view the report visit http://www.knightfrankglobal.com/wip/pdf/10383.pdf |
| 590 ## - LOCAL NOTE (RLIN) | |
| Local note | WB |
| 650 ## - SUBJECT ADDED ENTRY--TOPICAL TERM | |
| Topical term or geographic name entry element | OFFICES |
| 650 ## - SUBJECT ADDED ENTRY--TOPICAL TERM | |
| Topical term or geographic name entry element | M25 |
| 650 ## - SUBJECT ADDED ENTRY--TOPICAL TERM | |
| Topical term or geographic name entry element | M4 |
| 650 ## - SUBJECT ADDED ENTRY--TOPICAL TERM | |
| Topical term or geographic name entry element | M3 |
| 690 ## - LOCAL SUBJECT ADDED ENTRY--TOPICAL TERM (OCLC, RLIN) | |
| Topical term or geographic name as entry element | PROPERTY-COMMERCIAL PROPERTY-COMMERCIAL PROPERTY MARKET |
| 942 ## - ADDED ENTRY ELEMENTS (KOHA) | |
| Suppress in OPAC | 0 |
| Withdrawn status | Lost status | Source of classification or shelving scheme | Damaged status | Not for loan | Home library | Current library | Shelving location | Date acquired | Total Checkouts | Full call number | Barcode | Date last seen | Copy number | Price effective from | Koha item type |
|---|---|---|---|---|---|---|---|---|---|---|---|---|---|---|---|
| Dewey Decimal Classification | London | London | News article | 12/11/2003 | WB3943-04 | 124292-1001 | 06/08/2019 | 1 | 06/08/2019 | News article |